Countries Bordering Afghanistan - Statistics

General Stats
  • This quiz has been taken 23 times
  • The average score is 6 of 6
Answer Stats
Length Country % Correct
921 km Iran
100%
2670 km Pakistan
100%
804 km Turkmenistan
100%
144 km Uzbekistan
100%
1357 km Tajikistan
95%
91 km China
85%
No matching quizzes found
Score Distribution
Percent of People with Each Score
Percentile by Number Answered
Your Score History
You have not taken this quiz